<?xml version="1.0" encoding="UTF-8"?>
<collection xmlns:xsi="http://www.w3.org/2001/XMLSchema-instance" xsi:schemaLocation="http://www.loc.gov/MARC21/slim http://www.loc.gov/standards/marcxml/schema/MARC21slim.xsd" xmlns="http://www.loc.gov/MARC21/slim">
 <record>
  <leader>00000cam a22000004i 4500</leader>
  <controlfield tag="001">UP-99796217611289895</controlfield>
  <controlfield tag="003">Buklod</controlfield>
  <controlfield tag="005">20140529114108.0</controlfield>
  <controlfield tag="006">t     rm   |||| ud</controlfield>
  <controlfield tag="007">ta</controlfield>
  <controlfield tag="008">120803s2012    ohua    rb   |000 0|eng d</controlfield>
  <datafield tag="020" ind1=" " ind2=" ">
   <subfield code="a">9781907804212 (paperback)</subfield>
   <subfield code="c">P 1,232.75</subfield>
  </datafield>
  <datafield tag="035" ind1=" " ind2=" ">
   <subfield code="a">(iLib)UPD-00220104596</subfield>
  </datafield>
  <datafield tag="040" ind1=" " ind2=" ">
   <subfield code="a">DLC</subfield>
   <subfield code="d">DCFA</subfield>
   <subfield code="e">rda</subfield>
  </datafield>
  <datafield tag="041" ind1=" " ind2=" ">
   <subfield code="a">eng</subfield>
  </datafield>
  <datafield tag="042" ind1=" " ind2=" ">
   <subfield code="a">DMLUC</subfield>
  </datafield>
  <datafield tag="090" ind1=" " ind2=" ">
   <subfield code="a">ND 553 P5</subfield>
   <subfield code="b">R63  2012</subfield>
  </datafield>
  <datafield tag="100" ind1="1" ind2=" ">
   <subfield code="a">Robinson, William H.</subfield>
   <subfield code="d">1955-</subfield>
   <subfield code="e">author.</subfield>
  </datafield>
  <datafield tag="245" ind1="1" ind2="0">
   <subfield code="a">Picasso and the mysteries of life</subfield>
   <subfield code="b">La Vie</subfield>
   <subfield code="c">William H. Robinson.</subfield>
  </datafield>
  <datafield tag="264" ind1=" " ind2="1">
   <subfield code="a">Cleveland, Ohio</subfield>
   <subfield code="b">The Cleveland Museum of Art</subfield>
   <subfield code="a">London</subfield>
   <subfield code="b">Giles</subfield>
   <subfield code="c">2012.</subfield>
  </datafield>
  <datafield tag="300" ind1=" " ind2=" ">
   <subfield code="a">xi, 163, [2] pages</subfield>
   <subfield code="b">illustrations (some color)</subfield>
   <subfield code="c">22 cm</subfield>
  </datafield>
  <datafield tag="336" ind1=" " ind2=" ">
   <subfield code="a">text</subfield>
   <subfield code="2">rdacontent.</subfield>
  </datafield>
  <datafield tag="337" ind1=" " ind2=" ">
   <subfield code="a">unmediated</subfield>
   <subfield code="2">rdamedia</subfield>
  </datafield>
  <datafield tag="338" ind1=" " ind2=" ">
   <subfield code="a">volume</subfield>
   <subfield code="2">rdacarrier</subfield>
  </datafield>
  <datafield tag="490" ind1="1" ind2=" ">
   <subfield code="a">Cleveland masterwork series</subfield>
   <subfield code="v">1</subfield>
  </datafield>
  <datafield tag="500" ind1=" " ind2=" ">
   <subfield code="a">Published on the occasion of the exhibition held at the Cleveland Museum of Art, Dec. 12, 2012-Apr. 21, 2013; and at the Museu Picasso, Barcelona, Oct. 10, 2013-Jan. 19, 2014.</subfield>
  </datafield>
  <datafield tag="500" ind1=" " ind2=" ">
   <subfield code="a">First published in 2012 in London by Giles</subfield>
  </datafield>
  <datafield tag="505" ind1="0" ind2=" ">
   <subfield code="a">Introduction: deconstructing La Vie -- Provenance, a cautionary tale -- An invitation -- Last moments -- The artist's studio -- Saint-Lazare -- Casagemas: suicide and the artist as Christ-martyr -- Lovers, models, and fatal women -- Robed woman -- Mirror of despair -- Birdman -- Death and ressurrection -- Issues and interpretations.</subfield>
  </datafield>
  <datafield tag="520" ind1=" " ind2=" ">
   <subfield code="a">&quot;Few artistic moments are as instantly recognizeable as Pablo Picasso's Blue Period, and from it La Vie (Life) has emerged as the culminating masterpiece.  This book not only examines La Vie's history and physical structure in unprecedented detail but also uses the painting as the touchstone for exploring a broad array of issues vital to modernist culture of the 19th and 20th centuries. New contextual analysis is provided for understanding the painting's enigmatic subject, along with its relationship to the art of Picasso's contemporaries.  The author explores unexpected connections to both earlier and later works by Picasso, to Spanish and French literature, and perhaps most surprisingly, to sources in popular culture.  Picasso's depiction of his close friend Carles Casagemas, a key figure in the painting, provides the impetus for investigating suicide and the concept of the artist as Christ-martyr as foundational themes in modern art and literature.  Auguste Rodin and Paul Gauguin's influence on the young Picasso also emerge with new insight and clarity&quot; --Inside cover.</subfield>
  </datafield>
  <datafield tag="600" ind1="1" ind2="0">
   <subfield code="a">Picasso, Pablo</subfield>
   <subfield code="d">1881-1973</subfield>
   <subfield code="v">Exhibitions.</subfield>
  </datafield>
  <datafield tag="600" ind1="1" ind2="0">
   <subfield code="a">Picasso, Pablo</subfield>
   <subfield code="d">1881-1973.</subfield>
   <subfield code="t">Vie</subfield>
   <subfield code="v">Exhibitions.</subfield>
  </datafield>
  <datafield tag="700" ind1="1" ind2=" ">
   <subfield code="a">Picasso, Pablo</subfield>
   <subfield code="d">1881-1973.</subfield>
   <subfield code="e">painter.</subfield>
  </datafield>
  <datafield tag="710" ind1="2" ind2=" ">
   <subfield code="a">Cleveland Museum of Art.</subfield>
  </datafield>
  <datafield tag="710" ind1="2" ind2=" ">
   <subfield code="a">Museo Picasso.</subfield>
  </datafield>
  <datafield tag="830" ind1=" " ind2="0">
   <subfield code="a">Cleveland masterwork series</subfield>
   <subfield code="v">1.</subfield>
  </datafield>
  <datafield tag="905" ind1=" " ind2=" ">
   <subfield code="a">FO</subfield>
  </datafield>
  <datafield tag="852" ind1="0" ind2=" ">
   <subfield code="a">UPD</subfield>
   <subfield code="b">DCFA</subfield>
   <subfield code="h">ND 553 P5</subfield>
   <subfield code="i">R63  2012</subfield>
  </datafield>
  <datafield tag="942" ind1=" " ind2=" ">
   <subfield code="a">Book</subfield>
  </datafield>
 </record>
</collection>
